Villes françaises et régions (lettre J/K) - Statistiques

Statistiques générales
  • Ce quiz a été pris 15 fois
  • Le résultat moyen est 8 sur 15
Statistiques - réponses
Hint Réponse % Correct
Kingersheim Grand Est
100%
Kervignac Bretagne
83%
Joué-les-Tours Centre-Val-de-Loire
83%
Joinville-le-Pont Île-de-France
83%
Juvisy-sur-Orge Île-de-France
83%
Jonzac Nouvelle-Aquitaine
83%
Jarnac Nouvelle-Aquitaine
75%
Josselin Bretagne
42%
Jarny Grand Est
42%
Joigny Bourgogne-Franche-Comté
33%
Jeumont Hauts-de-France
33%
Jurançon Nouvelle-Aquitaine
25%
Juvignac Occitanie
25%
Jard-sur-Mer Pays de la Loire
25%
Jumièges Normandie
8%
Aucun quiz correspondant
Distribution des résultats
% des personnes avec chaque résultat
Percentile par nombre de réponses
Votre historique - résultats
Vous n’avez pas pris ce quiz